Documentos de Estudio. Realidad Centroaméricana. Integración y Dependencia en Centroamérica

Guardado en:
Bibliografiske detaljer
Format: Texto
Udgivet: s.l.: INCEP
Tags: Tilføj Tag
Ingen Tags, Vær først til at tagge denne postø!

MARC

LEADER 00000 a a2200000 04500
001 25317
003
040
090 |a 150020  
245 |a Documentos de Estudio. Realidad Centroaméricana. Integración y Dependencia en Centroamérica  
260 |a s.l.:   |b INCEP  
300 |a pag. cortada  
999 |c 5207  |d 5207